00430nam a2200145Ia 4500008004100000020002200041082002000063100002600083245007700109250000800186260003000194300001000224600001500234650003500249250428s9999 xx 000 0 und d a978-3-030-74178-5 a658.4030123 SIL a Silahtaroglu, Gokhan 0aData science and multiple criteria decision making approaches in finance aN/A aNew York:bSpringerc2021 a173p. aManagement aManagement and Social Sciences